000 00711nam a2200289Ia 4500
005 20260324112100.0
008 008 260324s9999 xx 000 0 eng d
020 _a9780429423390
037 _aEBOOK
040 _aCRL
040 _beng
040 _cCRL
041 _2eng
041 _aeng
084 _qCRL
100 _aJohn James Quinn
_91141226
245 0 _aMajority State Ownership of Oil and Mining Sectors in Africa
245 4 _bThe Resource Curse Undermined
260 _bTaylor and Francis
260 _c2024
365 _a
365 _b240
856 _uhttp://www.taylorfrancis.com/books/9780429423390
942 _cEBOOK
999 _c1730284
_d1730284